000 00945nam0a22002531 4500
001 rc\2770391
005 20250805160813.4
035 _a(NLR Aleph) 006896775
090 _a7205099
_c7205099
100 _a20110915d1941 |||y0rusy50 ca
101 0 _arus
102 _aRU
105 _ay z |||||
200 1 _aЗащита Петрограда от немецких захватчиков в 1918 г.
_fП. Софинов, канд. ист. наук
_gНауч.-изд. отдел УГА НКВД СССР
210 _aСаратов
_cСарат. обл. гос. изд-во
_d1941
215 _a40 с., включ. 2 с. обл.
_d16 см.
700 1 _aСофинов
_bП. Г.
_f-1964
_gПавел Георгиевич
801 0 _aRU
_bNLR
_gpsbo
801 1 _aRU
_bELAR
_2rusmarc
852 _aNLR
_jИр50 Г-2/665
942 _cBOOK
945 _aРоссийская национальная библиотека
980 _aNB
980 _aBV